000 00737nam a2200217 i 4500
001 43699
003 ES-MaACL
005 20230906160848.0
007 t|
008 030318s1913 sp ||||1| spa d
080 _a235.1(0:7)(064.3)
111 2 _aExposición Diocesana del Centenario de Constantino (
_d.1913.
_cMadrid)
_9141205
245 1 0 _aCatálogo de la Exposición Diocesana del Centenario de Constantino.
260 _aMadrid :
_b[s.n.],
_c1913 (
_fMateu)
300 _a50 p., 48 lám. ;
_c21 cm.
650 4 _aArte religioso-
_vExposiciones.
_910284
655 7 _2tgfbne
_9193628
_aCatálogos de exposiciones
852 _aES-MaACL
_jD-1171
_z.- Legado M. de la Fuente
942 _2udc
999 _c43699
_d43699